000 00367nam a2200145Ia 4500
008 230711s9999||||xx |||||||||||||| ||und||
041 _aENG
082 _a621.3
_bSA-E
100 _aSawhney,A.K
245 0 _aElectrical machine design
250 _a5th Ed.
260 _c2001
_aNew Delhi
_bDhanpat Rai & Co.(Pvt.)Ltd.
650 _aElectrical Engineering
942 _cBK
999 _c3880
_d3880